00640nam a2200193Ia 450000500170000000800410001702000150005808200130007310000130008624501090009926000490020830000230025765000130028065000210029365000130031494200060032795200980033399900150043120250115023009.0240331s9999 xx 000 0 und d a0691055130 bBARa945 aBaron, H 0aIn search of florentine civic humanism :bEssays on the transition from medival to Modern thought-Vol.II aNew JerseybPrinceton University Pressc1900 a218 p ., Volume II aHumanism aFlorence (Italy) aPolitics cL 001040708LaWERCLbWERCLcSSCd2024-03-31l0o 945.51 BARp2272r2024-03-31w2024-03-31yL c3514d3514